| 000 | 00636pam a2200241 a 4500 | ||
|---|---|---|---|
| 001 | 3452227 | ||
| 005 | 20180814082121.0 | ||
| 008 | 921229s1994 paua b 001 0 eng c | ||
| 010 | _a 92048436 | ||
| 020 | _a0812116925 | ||
| 040 |
_aDNLM/DLC _cDLC _dDLC |
||
| 041 | _aeng | ||
| 060 | _aWG 141.5.E2 F298e 1993 | ||
| 080 | _a616.120 | ||
| 082 | 0 | 0 |
_a616.120 _220 |
| 100 | 1 | _a7 | |
| 101 | _a KAR | ||
| 245 | 1 | 0 |
_aEchocardiography / _cHarvey Feigenbaum. |
| 504 | _aIncludes bibliographical references and index. | ||
| 906 |
_a7 _bcbc _corignew _d1 _eocip _f19 _gy-gencatlg |
||
| 942 |
_2ddc _cBK |
||
| 999 |
_c47150 _d47150 |
||